000 00422nam a2200169Ia 4500
008 240830s2012 xx 000 0 und d
041 _aeng
082 _a618.92/GOE/GUP
100 _aGOEL, K. M./GUPTA,D. K.
245 _aHUTCHISONS PAEDIATRICS
250 _a2
260 _aNEW DELHI
_bJAYPEE BROTHERS
_c2012
300 _a884p
650 _aPEDIATRIC
906 _aHUTCHISONS PAEDIATRICS
999 _c1187855
_d1187855